| 000 | 00525pab a2200181 454500 | ||
|---|---|---|---|
| 008 | 180718b2006 xxu||||| |||| 00| 0 eng d | ||
| 100 | _aSugino, Tomohide | ||
| 245 | _aPrioritization of technological development goals for poverty alleviation through sustainable and diversified agriculture | ||
| 260 | _c2006 | ||
| 300 | _ap.25-55. | ||
| 362 | _aDec | ||
| 650 | _aAgriculture | ||
| 650 | _aSustainable agriculture | ||
| 650 | _aPoverty | ||
| 773 | _aAsia-Pacific Development Journal | ||
| 908 | _aN | ||
| 909 | _a75445 | ||
| 999 |
_c75445 _d75445 |
||